Carte des villes ayant au moins une équipe professionnelle de sport collectif - Statistiques

Statistiques générales
  • Ce quiz a été pris 1 269 fois
    67 depuis la dernière actualisation
  • Le résultat moyen est 121 sur 157
Réponses sur la Carte
Les réponses sont colorées sur une échelle allant du rouge au vert en fonction du pourcentage des utilisateurs qui les ont devinées à leur premier essai. Vous pouvez retrouver ces pourcentages ci-dessous.
 
Statistiques - réponses
Sport Ligue Réponse % Correct
Basket Élite Paris Basketball
100%
Football Ligue 1 Paris FC
100%
Football Ligue 1 Paris Saint-Germain
100%
Handball Starligue Paris Saint-Germain
100%
Volley-ball SpikeLigue Paris Volley
100%
Rugby Top 14 Stade Français Paris
100%
Basket Élite ASVEL Lyon-Villeurbanne
98%
Rugby Top 14 LOU Rugby
98%
Football Ligue 1 Olympique Lyonnais
98%
Volley-ball Ligue B AS Illac VB
97%
Rugby Top 14 ASM Clermont
97%
Football Ligue 2 Clermont Foot 63
97%
Handball Starligue Fenix Toulouse
97%
Handball Proligue HC Cournon d'Auvergne
97%
Basket Élite 2 JA Vichy-Clermont
97%
Football Ligue 1 LOSC Lille
97%
Football Ligue 1 Olympique de Marseille
97%
Volley-ball SpikeLigue Spacer's Toulouse Volley
97%
Rugby Top 14 Stade Toulousain
97%
Football Ligue 1 Toulouse FC
97%
Volley-ball SpikeLigue Tourcoing-Lille Métropole VB
97%
Rugby Top 14 Union Bordeaux-Bègles
97%
Football Ligue 1 FC Nantes
95%
Handball Starligue HBC Nantes
95%
Basket Élite 2 Nantes Basket Hermine
95%
Football Ligue 1 RC Lens
95%
Football Ligue 1 RC Strasbourg
95%
Basket Élite SIG Strasbourg
95%
Football Ligue 1 Stade Brestois
95%
Handball Starligue Cesson-Rennes MHB
94%
Volley-ball SpikeLigue Nice VB
94%
Football Ligue 1 OGC Nice
94%
Volley-ball Ligue B Rennes ECV
94%
Football Ligue 1 Stade Rennais
94%
Basket Élite BCM Gravelines-Dunkerque
92%
Handball Proligue Billère HB
92%
Handball Starligue Dijon MHB
92%
Basket Élite 2 EB Pau-Lacq-Orthez
92%
Football Ligue 1 FC Metz
92%
Basket Élite JDA Dijon Basket
92%
Handball Starligue Montpellier HB
92%
Rugby Top 14 Montpellier Hérault Rugby
92%
Football Ligue 2 Montpellier HSC
92%
Volley-ball SpikeLigue Montpellier HSCVB
92%
Rugby Top 14 Section Paloise
92%
Football Ligue 1 Angers SCO
90%
Handball Proligue Angers SCO Handball
90%
Basket Élite 2 Caen Basket Calvados
90%
Handball Proligue Caen Handball
90%
Handball Starligue Dunkerque HGL
90%
Rugby Pro D2 FC Grenoble Rugby
90%
Football Ligue 1 FC Lorient
90%
Football Ligue 2 Grenoble Foot 38
90%
Football Ligue 1 Le Havre AC
90%
Football Ligue 2 Pau FC
90%
Rugby Top 14 Stade Rochelais
90%
Basket Élite 2 Stade Rochelais
90%
Football Ligue 2 USL Dunkerque
90%
Football Ligue 2 AS Nancy Lorraine
89%
Football Ligue 2 AS Saint-Étienne
89%
Basket Élite 2 Champagne Basket
89%
Football Ligue 2 FC Annecy
89%
Volley-ball Ligue B Grand Nancy VB
89%
Basket Élite 2 Hyères-Toulon Var Basket
89%
Football Ligue 2 Le Mans FC
89%
Basket Élite Le Mans SB
89%
Rugby Top 14 RC Toulon
89%
Volley-ball Ligue B Reims Volley 51
89%
Basket Élite SLUC Nancy Basket
89%
Football Ligue 2 Stade de Reims
89%
Rugby Top 14 USA Perpignan
89%
Football Ligue 2 Amiens SC
87%
Football Ligue 1 AS Monaco
87%
Basket Élite AS Monaco
87%
Basket Élite 2 Rouen Métropole Basket
87%
Rugby Pro D2 Biarritz Olympique PB
86%
Football Ligue 1 AJ Auxerre
84%
Football Ligue 2 ESTAC Troyes
84%
Volley-ball SpikeLigue GFCO Ajaccio VB
84%
Basket Élite 2 Orléans LB
84%
Basket Élite 2 Poitiers Basket 86
84%
Football Ligue 2 SC Bastia
84%
Volley-ball SpikeLigue Stade Poitevin VB
84%
Volley-ball SpikeLigue Tours VB
84%
Handball Starligue USAM Nîmes Gard
84%
Rugby Top 14 Aviron Bayonnais
83%
Football Ligue 2 EA Guingamp
83%
Basket Élite ESSM Le Portel
83%
Handball Proligue Saran LHB
83%
Basket Élite Limoges CSP
81%
Handball Starligue Limoges Handball
81%
Football Ligue 2 US Boulogne
81%
Rugby Pro D2 RC Vannes
79%
Handball Proligue Valence Handball
79%
Rugby Pro D2 Valence Romans Drôme Rugby
79%
Basket Élite 2 Béliers de Kemper
76%
Handball Starligue C' Chartres MHB
76%
Handball Proligue JS Cherbourg
76%
Handball Starligue Pays d'Aix UC
76%
Rugby Pro D2 Provence Rugby
76%
Basket Élite 2 ALM Évreux
75%
Football Ligue 2 Stade Lavalois
75%
Basket Élite 2 AS Denain-Voltaire
73%
Handball Starligue Chambéry SMBH
73%
Football Ligue 2 Rodez Aveyron Football
73%
Rugby Pro D2 AS Béziers Hérault
71%
Handball Proligue Grand Besançon DHB
71%
Basket Élite JL Bourg-en-Bresse
71%
Volley-ball SpikeLigue Saint-Nazaire VBA
71%
Rugby Pro D2 Soyaux-Angoulême XV
71%
Rugby Pro D2 US Carcassonne
71%
Rugby Pro D2 CA Brive
70%
Rugby Top 14 Castres Olympique
70%
Volley-ball SpikeLigue Centurions Narbonne
70%
Basket Élite Nanterre 92
70%
Rugby Pro D2 SU Agen
70%
Basket Élite Élan sportif Chalonnais
68%
Volley-ball Ligue B VB Chalon-sur-Saône
68%
Volley-ball SpikeLigue AC Cannes VB
67%
Rugby Pro D2 USON Nevers
67%
Basket Élite 2 ADA Blois Basket 41
65%
Rugby Pro D2 Stade Aurillacois
65%
Basket Élite Boulazac BD
63%
Rugby Pro D2 US Dax
63%
Rugby Top 14 US Montalbanaise
63%
Volley-ball SpikeLigue Arago de Sète
62%
Rugby Pro D2 Oyonnax Rugby
62%
Basket Élite Saint-Quentin BB
62%
Volley-ball Ligue B Saint-Quentin Volley
62%
Rugby Pro D2 Stade Montois Rugby
62%
Volley-ball Ligue B Fréjus VV
60%
Basket Élite 2 Sharks d'Antibes
57%
Handball Proligue US Créteil
57%
Basket Élite Cholet Basket
56%
Handball Proligue US Saintes Handball
56%
Basket Élite 2 Chorale Roanne Basket
54%
Volley-ball SpikeLigue Chaumont VB 52
52%
Football Ligue 2 Red Star FC
52%
Volley-ball Ligue B Royan Atlantique Volleyball
51%
Handball Starligue Istres Provence HB
48%
Volley-ball Ligue B Martigues VB
48%
Rugby Top 14 Racing 92
48%
Handball Starligue Sélestat Alsace Handball
46%
Rugby Pro D2 Colomiers Rugby
44%
Handball Starligue Saint-Raphaël VHB
44%
Basket Élite 2 Alliance Sport Alsace
41%
Handball Proligue US Ivry
40%
Basket Élite 2 Aix-Maurienne SB
29%
Volley-ball Ligue B Cambrai Volley
29%
Handball Proligue Frontignan THB
27%
Handball Proligue Massy EHB
27%
Handball Proligue Sarrebourg MSHB
27%
Basket Élite 2 Saint-Chamond BVG
24%
Handball Starligue Tremblay Handball
21%
Basket Élite 2 Vendée Challans Basket
21%
Handball Proligue Pontault-Combault Handball
19%
Volley-ball SpikeLigue Plessis-Robinson VB
6%
Aucun quiz correspondant
Distribution des résultats
% des personnes avec chaque résultat
Percentile par nombre de réponses
Votre historique - résultats
Vous n’avez pas pris ce quiz depuis la dernière actualisation